Abecedari Random 3 (ib version) - Statistics

General Stats
  • This quiz has been taken 7 times
  • The average score is 29 of 33
Answer Stats
Hint Answer % Correct
Q (conté). Escriptures sagrades, canòniques i molt randoms. AQUI
100%
B. Discoteca de reestrena. Big Ben
100%
C. Pot canviar de nom i de llengua, però sempre és substituta. Cori, Corifeu, Acordió, Coliseu
100%
D. Càrrec que s'afronta amb passió, promulgant l'ordre i l'organització. Delegada
100%
F. Estat absent. Fase Fum
100%
G. Es diu que "qui dia passa, any empeny", però per ell "si dia passa, cana empeny." Gelonch
100%
J. D'autoritat i saviesa remarcable. Jacint
100%
J. (2) Megàfon sorrer i culer. JOGDI
100%
O. (en conté dues) Nom complet de la formiga directora tràgicament aixafada. Josep Maria Bossa
100%
K. Millor mot polonès. Kurwa
100%
M. (3) És capital i cor, i qui hi viu se’n queda presoner i una mica trastocat. Mollerussa
100%
N. "Ho podria haver dit nitx, però ho va dir ...". NietzschE
100%
P. (2) Tothom la vol fora, però ella es queda. Pepa
100%
P. (3) Aturada d'aspecte litúrgic i de compliment imperiós per la resposta M. Pitipausa
100%
H (conté). The gateway novel of the IB. The Hate U Give
100%
T. Irritant basquetbolista. Tractor
100%
U. Salutació eufòrica d'herència donpolliana. Ueueueue
100%
V. Llúdria (nutria) saxofonista. Víctor Alba
100%
W. Citació de referència per J. Wagensberg
100%
X. Taylorista digital amb afecció a les salutacions sospitoses. Xavi Pinyol
100%
E. Suport silenciós i menut. Eugi
86%
L. Nom ètic. Lua
86%
M. Vici i sigles divines. Marta Serra
86%
P. (4) Prominència davantera, admiració primerenca. Pits
86%
A. Substituta continental i rabiosa. Àfrica
71%
I. Compromís prominent amb els drets i el menjar. Ignasi
71%
M. (2) Silenci absolut... i ni rastre. Mami
71%
P. Personatge curtet, apassionat i que canvia de professió segons "conèixer a una personeta". Periodista
71%
Y (conté). Nom modificat del càrrec de gran consideració que a Ginebra fa fer honor al nom de la ciutat. Santy
71%
I. (2) Oriental i tecnològica. IA
57%
R. Perillosament borbònica. Reina d'Espanya
57%
S. TdRs polèmics però poques preguntes resoltes a l'aula. Sílvia
57%
Z.Segons Rafa: "más vale que ... que fafalte". Zozobre
57%
No matching quizzes found
Score Distribution
Percent of People with Each Score
Percentile by Number Answered
Your Score History
You have not taken this quiz